Sciencia : (Record no. 127111)

MARC details
000 -LEADER
campo de control de longitud fija 01613nam a22002657a 4500
003 - IDENTIFICADOR DE NÚMERO DE CONTROL
campo de control BJBSDDR
005 - FECHA Y HORA DE LA ÚLTIMA TRANSACCIÓN
campo de control 20260515154944.0
006 - CÓDIGOS DE INFORMACIÓN DE LONGITUD FIJA--CARACTERÍSTICAS DEL MATERIAL ADICIONAL
campo de control de longitud fija a|||||r|||| 00| 0
007 - CAMPO FIJO DE DESCRIPCIÓN FÍSICA--INFORMACIÓN GENERAL
campo de control de longitud fija ta
008 - DATOS DE LONGITUD FIJA--INFORMACIÓN GENERAL
campo de control de longitud fija 260515s2010 nyu|||||r|||| 00| 0 eng d
020 ## - NÚMERO INTERNACIONAL ESTÁNDAR DEL LIBRO
Número Internacional Estándar del Libro 9780802778994
040 ## - FUENTE DE CATALOGACIÓN
Lengua de catalogación spa
Centro/agencia transcriptor BJBSDDR
041 ## - CÓDIGO DE IDIOMA
Código de lengua del texto/banda sonora o título independiente eng
050 ## - SIGNATURA TOPOGRÁFICA DE LA BIBLIOTECA DEL CONGRESO
Número de ítem S417 2010
245 00 - MENCIÓN DEL TÍTULO
Título Sciencia :
Resto del título mathematics, physics, chemistry, biology, and astronomy for all /
Mención de responsabilidad, etc. John Martineau, editor, Burkard Polster y Matthew Watkins.
260 ## - PUBLICACIÓN, DISTRIBUCIÓN, ETC.
Lugar de publicación, distribución, etc. New York, N.Y. :
Nombre del editor, distribuidor, etc. Walker & Co.,
Fecha de publicación, distribución, etc. 2010.
300 ## - DESCRIPCIÓN FÍSICA
Extensión 410 pages :
Otras características físicas illustrations ;
Dimensiones 20 cm.
500 ## - NOTA GENERAL
Nota general "Contains six popular scientific titles from the Wooden Books series, with some sections completely reworked and over 40 new pages"--Preface<br/>Originally published: 2001-2008<br/>Includes index
520 ## - RESUMEN, ETC.
Sumario, etc. From the structure of the cosmos to that of the human body, the discoveries of science over the past few hundred years have been remarkable. Sciencia spans the realms of mathematics, physics, chemistry, biology, and astronomy, offering an invaluable introduction to each. Curious about quarks, quasars, and the fantastic universe around you? Ever wanted to explore a mathematical proof? Need an introduction to biochemistry? Beautifully illustrated with engravings, woodcuts, and original drawings and diagrams, Sciencia will inspire inquisitive readers of all ages to appreciate the interconnected knowledge of the modern sciences.
700 1# - ENTRADA AGREGADA--NOMBRE PERSONAL
Nombre de persona Martineau, John
9 (RLIN) 48478
700 1# - ENTRADA AGREGADA--NOMBRE PERSONAL
Nombre de persona Polster, Burkard,
Fechas asociadas al nombre 1965-
9 (RLIN) 48480
700 1# - ENTRADA AGREGADA--NOMBRE PERSONAL
Nombre de persona Watkins, Matthew,
Fechas asociadas al nombre 1970-
9 (RLIN) 48481
942 ## - ELEMENTOS DE ENTRADA SECUNDARIOS (KOHA)
Fuente del sistema de clasificación o colocación Clasificación de Library of Congress
Suprimir en OPAC No
Tipo de ítem Koha Libro
946 ## - PROCESAMIENTO DE INFORMACIÓN LOCAL (OCLC)
Iniciales del agente catalogador llh
Holdings
Estatus retirado Estado de pérdida Fuente del sistema de clasificación o colocación Estado de daño No para préstamo Colección Biblioteca de origen Biblioteca actual Ubicación en estantería Fecha de adquisición Signatura topográfica completa Código de barras Visto por última vez Copia número Tipo de ítem Koha
    Clasificación de Library of Congress     Automatización y Procesos Técnicos Biblioteca Juan Bosch Biblioteca Juan Bosch Automatización y Procesos Técnicos (1er. Piso) 15/05/2026 S417 2010 00000200102 15/05/2026 1 Libro